Coffret collector Harry Potter / (Record no. 1959)

MARC details
000 -LEADER
fixed length control field 01992cam a2200469 i 4500
001 - CONTROL NUMBER
control field 1959
003 - CONTROL NUMBER IDENTIFIER
control field OSt
005 - DATE AND TIME OF LATEST TRANSACTION
control field 20260414160333.0
008 - FIXED-LENGTH DATA ELEMENTS--GENERAL INFORMATION
fixed length control field 210331s2017 fr j 000 1 fre
010 ## - LIBRARY OF CONGRESS CONTROL NUMBER
LC control number 2021397212
020 ## - INTERNATIONAL STANDARD BOOK NUMBER
International Standard Book Number 9782075090889
Qualifying information (set ;
-- box)
035 ## - SYSTEM CONTROL NUMBER
System control number 22282967
035 ## - SYSTEM CONTROL NUMBER
System control number (Fr-PaAMA)AAL0869178-0001
040 ## - CATALOGING SOURCE
Original cataloging agency DLC
Language of cataloging eng
Transcribing agency DLC
Description conventions rda
041 1# - LANGUAGE CODE
Language code of text/sound track or separate title fre
Language code of original eng
042 ## - AUTHENTICATION CODE
Authentication code pcc
050 00 - LIBRARY OF CONGRESS CALL NUMBER
Classification number PZ23.R725
Item number C64 2017
100 1# - MAIN ENTRY--PERSONAL NAME
Personal name Rowling, J. K.,
Relator term author.
245 10 - TITLE STATEMENT
Title Coffret collector Harry Potter /
Statement of responsibility, etc. J.K. Rowling ; traduit de l'anglais par Jean-François Ménard.
246 30 - VARYING FORM OF TITLE
Title proper/short title Harry Potter
246 30 - VARYING FORM OF TITLE
Title proper/short title HP
264 #1 - PRODUCTION, PUBLICATION, DISTRIBUTION, MANUFACTURE, AND COPYRIGHT NOTICE
Place of production, publication, distribution, manufacture Paris :
Name of producer, publisher, distributor, manufacturer Gallimard jeunesse,
Date of production, publication, distribution, manufacture, or copyright notice [2017]
300 ## - PHYSICAL DESCRIPTION
Extent 1 box ;
Dimensions 19 x 22 x 13 cm.
336 ## - CONTENT TYPE
Content type term text
Content type code txt
Source rdacontent
337 ## - MEDIA TYPE
Media type term unmediated
Media type code n
Source rdamedia
338 ## - CARRIER TYPE
Carrier type term volume
Carrier type code nc
Source rdacarrier
490 0# - SERIES STATEMENT
Series statement Folio junior
500 ## - GENERAL NOTE
General note Title from publisher.
500 ## - GENERAL NOTE
General note The box contains the seven Harry Potter novels translated into French.
505 0# - FORMATTED CONTENTS NOTE
Formatted contents note 1. Harry Potter à l'école des sorciers -- 2. Harry Potter et la chambre des secrets -- 3. Harry Potter et le prisonnier d'Azkaban --4. Harry Potter et la coupe de feu -- 5. Harry Potter et l'ordre du Phénix -- 6. Harry Potter et le prince de sang-mêlé -- 7. Harry Potter et les reliques de la mort.
600 10 - SUBJECT ADDED ENTRY--PERSONAL NAME
Personal name Potter, Harry
Titles and other words associated with a name (Fictitious character)
Form subdivision Juvenile fiction.
650 #0 - SUBJECT ADDED ENTRY--TOPICAL TERM
Topical term or geographic name entry element Wizards
Form subdivision Juvenile fiction.
650 #0 - SUBJECT ADDED ENTRY--TOPICAL TERM
Topical term or geographic name entry element Magic
Form subdivision Juvenile fiction.
650 #0 - SUBJECT ADDED ENTRY--TOPICAL TERM
Topical term or geographic name entry element Schools
Form subdivision Juvenile fiction.
651 #0 - SUBJECT ADDED ENTRY--GEOGRAPHIC NAME
Geographic name England
Form subdivision Juvenile fiction.
655 #7 - INDEX TERM--GENRE/FORM
Genre/form data or focus term Fiction.
Source of term lcgft
Authority record control number or standard number https://id.loc.gov/authorities/genreForms/gf2014026339
700 1# - ADDED ENTRY--PERSONAL NAME
Personal name Ménard, Jean-François,
Relator term translator.
906 ## - LOCAL DATA ELEMENT F, LDF (RLIN)
a 7
b cbc
c origres
d 2
e ncip
f 20
g y-gencatlg
942 ## - ADDED ENTRY ELEMENTS (KOHA)
Source of classification or shelving scheme Dewey Decimal Classification
Koha item type BOOKS
Suppress in OPAC No
Holdings
Withdrawn status Lost status Source of classification or shelving scheme Damaged status Not for loan Home library Current library Date acquired Total checkouts Date last seen Price effective from Koha item type
    Dewey Decimal Classification     Centerville Centerville 14/04/2026   14/04/2026 14/04/2026 BOOKS
    Library of Congress Classification     Centerville Centerville 14/04/2026   14/04/2026 14/04/2026 BOOKS